000 02236cam a2200433 a 4500
001 14451969
003 OSt
005 20150625142500.0
008 060714s2006 enka b 001 0 eng
010 _a 2006023290
015 _aGBA652407
_2bnb
016 7 _a013485616
_2Uk
020 _a0406565457
035 _a(OCoLC)ocm70059592
035 _a(OCoLC)70059592
040 _aDLC
_cDLC
_dUKM
_dBAKER
_dYDXCP
_dOCLCQ
_dC#P
_dDLC
043 _ae-uk---
050 0 0 _aKD829
_b.C45 2006
082 0 0 _a346.043 CHE
_222
100 1 _aCheshire, G. C.
_q(Geoffrey Chevalier),
_d1886-1978.
_91269
240 1 0 _aModern law of real property
245 1 0 _aCheshire and Burn's modern law of real property /
_bE.H. Burn,
250 _a15th ed.
260 _aLondon ;
_aNew York :
_bButterworths,
_c1982.
300 _alxxvii, 933 p. :
_bill. ;
_c25 cm.
500 _aRev. ed. of: Cheshire's Modern law of real property. 13th ed. 1982.
504 _aIncludes bibliographical references (p. [1055]-1065) and index.
505 2 _aIntroduction to the modern law -- The pattern of development -- The common law system -- Modification of the common law by equity -- Settlements before 1926 -- The simplification of the law: 1925, 1996 and 2002 -- Adverse possession. Limitation of actions -- Real property. Property rights and the meaning of land -- Estates and interests in land -- The estate in fee simple absolute in possession -- Commonhold -- Leasehold interests.
650 0 _aReal property
_zGreat Britain.
_91270
700 1 _aBurn, E. H.
_d1922-
_91271
700 1 _aCartwright, John,
_d1957-
_91272
700 1 _aCheshire, G. C.
_q(Geoffrey Chevalier),
_d1886-1978.
_tCheshire's Modern law of real property.
_91273
856 4 1 _3Table of contents only
_uhttp://www.loc.gov/catdir/toc/ecip0617/2006023290.html
856 4 2 _3Publisher description
_uhttp://www.loc.gov/catdir/enhancements/fy0725/2006023290-d.html
856 4 2 _3Contributor biographical information
_uhttp://www.loc.gov/catdir/enhancements/fy0725/2006023290-b.html
906 _a7
_bcbc
_corignew
_d1
_eecip
_f20
_gy-gencatlg
942 _2ddc
_cBK
999 _c437
_d437